[Event "Barcelona Vila Gracia Seniors 55 op 4th"]
[Site "Barcelona"]
[Date "2017.03.20"]
[Round "3.7"]
[White "Serrano Pertinez, Miquel"]
[Black "Armet Solsona, Pere"]
[Result "1/2-1/2"]
[WhiteElo "2089"]
[BlackElo "2185"]
[PlyCount "131"]
[EventDate "2017.03.06"]
[EventType "swiss"]
[EventRounds "9"]
[EventCountry "ESP"]
[SourceTitle "EXT 2024"]
[Source "ChessBase"]
[SourceDate "2023.10.10"]
[SourceVersion "1"]
[SourceVersionDate "2023.10.10"]
[SourceQuality "1"]

1. b3 Nf6 2. Bb2 g6 3. Bxf6 exf6 4. c4 Bg7 5. Nc3 0-0 6. g3 f5 7. Rc1 d6 8. Bg2 Nd7 9. e3 Re8 10. Nge2 Nf6 11. 0-0 Rb8 12. b4 Be6 13. d3 d5 14. c5 c6 15. Qa4 a6 16. Nd4 Nd7 17. Nce2 Ne5 18. Rfd1 Qe7 19. Nf4 Bd7 20. Qb3 Ng4 21. Nc2 Be6 22. h3 Nf6 23. Nd4 g5 24. Nfe2 Rbd8 25. a4 Nd7 26. Qc2 Rc8 27. Nb3 Be5 28. Ned4 f4 29. exf4 gxf4 30. g4 h5 31. Qe2 hxg4 32. hxg4 Qf6 33. Nxe6 Rxe6 34. Qf3 Bb2 35. Rb1 Bc3 36. d4 Bxb4 37. Nc1 a5 38. Nd3 Re4 39. Nxb4 axb4 40. Qd3 f3 41. Bxf3 Rf4 42. Kg2 Kg7 43. Rh1 Qg6 44. Qxg6+ fxg6 45. Rxb4 Nxc5 46. Rc1 Ne6 47. Rxb7+ Kf6 48. Bxd5 Rxg4+ 49. Kf3 Rxd4 50. Rxc6 Rxc6 51. Bxc6 Nd8 52. Rb6 Rd6 53. a5 Rxc6 54. Rb8 Ne6 55. Ke4 Rc4+ 56. Kd3 Ra4 57. Rb5 Nc7 58. Rc5 Ne6 59. Rb5 Ke7 60. Kc3 Nc7 61. Rg5 Kf6 62. Rc5 Ne6 63. Rb5 g5 64. Kb3 Ra1 65. Kc4 g4 66. Rh5 1/2-1/2